〈どうぶつの森〉シリーズの歴代タイトル - Statistics

General Stats
  • This quiz has been taken 183 times
  • The average score is 5 of 8
Answer Stats
発売 ハード タイトル % Correct
2020年 Nintendo Switch あつまれ どうぶつの森
99%
2012年 ニンテンドー3DS とびだせ どうぶつの森
85%
2005年 ニンテンドーDS おいでよ どうぶつの森
75%
2008年 Wii 街へいこうよ どうぶつの森
62%
2001年 NINTENDO64 どうぶつの森
56%
2017年 スマートフォン どうぶつの森 ポケットキャンプ
53%
2015年 ニンテンドー3DS どうぶつの森 ハッピーホームデザイナー
38%
2015年 Wii U どうぶつの森 amiiboフェスティバル
3%
No matching quizzes found
Score Distribution
Percent of People with Each Score
Percentile by Number Answered
Your Score History
You have not taken this quiz